| 000 | 00516nam a2200169Ia 4500 | ||
|---|---|---|---|
| 003 | GCL | ||
| 008 | 140319s9999 xx 000 0 ara d | ||
| 040 |
_aGCL / _cGCL |
||
| 082 | 0 | 4 |
_a157.5 _bن ا |
| 100 | 1 | _aنعيم علوية | |
| 245 | 1 | 0 |
_aالوصلاج اللسانى سيمياء التخطيط النفسى / _cنعيم علوية |
| 260 |
_a[S.N] : _bالمركز الثقافى العربى ، _c1992 |
||
| 300 | _a113 ص | ||
| 490 | _a | ||
| 650 | 0 | 4 | _aعلم النفس اللغوى |
| 942 |
_2ddc _cBK |
||
| 999 |
_c53314 _d53314 |
||